Missing Word: Deadly Things Quiz Stats

 Plays Quiz Updated Jul 17, 2012

Support Sporcle.
Go Orange.
Score 0/18 Timer 02:00
3 Plays Today
Hint Missing Word % Correct
Seven Deadly ______Sins
99.1%
Die ______Hard
97.2%
______ and Let DieLive
96.6%
______ Dead or AliveWanted
89.7%
Deathly ______Hallows
88.4%
Die ______ DayAnother
87.2%
Death ______Valley
86.8%
______ DeathBlack
84.2%
Dead Man's ______Chest
83.2%
Hint Missing Word % Correct
______ of the DeadDay
81.6%
Deadliest ______Catch
78.3%
Death of a ______Salesman
76.7%
Death ______ HerBecomes
68.6%
Death at a ______Funeral
65.7%
Dead ______Sea
63.4%
Blue ______ of DeathScreen
60.5%
______ DeadGrateful
51.1%
______ to DieBorn
44.1%

Today's Daily Dose

You're not logged in!

Compare scores with friends on all Sporcle quizzes.
OR
Log In

From the Vault

Major Events in 'Four' Years

by El_Dandy

Make your high school history teacher proud!
Remove Ads.
Support Sporcle.
Get the best of Sporcle when you Go Orange. This ad-free experience offers more features, more stats, and more fun while also helping to support Sporcle. Thank you for becoming a member.

Show Comments

Extras

Top Quizzes Today


Score Distribution

Your Account Isn't Verified!

In order to create a playlist on Sporcle, you need to verify the email address you used during registration. Go to your Sporcle Settings to finish the process.

Report this User

Report this user for behavior that violates our Community Guidelines.

Details: